| 000 | 00909nam a22002771 4500 | ||
|---|---|---|---|
| 001 | 11526 | ||
| 003 | BD-RjUL | ||
| 005 | 20211208235136.0 | ||
| 008 | 140127s1968 enkab b 00010 eng | ||
| 035 | _a(BD-RjUL)11575 | ||
| 040 |
_aDLC _cDLC _dBD-RjUL _beng |
||
| 041 | _aeng | ||
| 082 |
_a550.5 _bANS 1968 |
||
| 090 |
_aQE261 _bF68 |
||
| 100 | 1 |
_aAnderson, J. G. C. _q(John Graham Comrie) _935654 |
|
| 245 | 1 | 4 |
_aThe structure of the British Isles / _cby J.G.C. Anderson and T.R. Owen. |
| 250 | _a[1st ed.] | ||
| 260 |
_aOxford, _aNew York, _bPergamon Press . _c1968. |
||
| 300 |
_avii, 162 p. : _billus., maps (4 fold. in pocket) ; _c28 cm. |
||
| 504 | _aBibliography: p. 148-155. | ||
| 650 | 0 |
_aGeology _zGreat Britain. _935655 |
|
| 700 | 1 |
_aOwen, T. R. _q(Thomas Richard) _935656 |
|
| 942 |
_2ddc _cBK |
||
| 999 |
_c11526 _d11526 |
||